=LDR 00000nam 2200000 4500 =001 INLIS000000000061763 =005 20221108021920 =035 ##$$a 0010-1122000144 =007 ta =008 221108###########################0###### =082 ##$$a 382.495 986 5 =084 ##$$a 382.495 986 5 Nus p =245 1#$$a Profile export commodities : $b West Nusa Tenggara Departement of industry and trade of west Nusa Tenggara Province 2016 =260 ##$$a Mataram :$b Dinas Perdagangan dan Industri Prov. Nusa Tenggara Barat,$c 2016 =300 ##$$a iv, 57 halaman : $b ilustrasi ; $c 29 cm$e Lain-lain =650 #4$$a Komoditi ekspor - Nusa Tenggara Barat =110 ##$$a Nusa Tenggara Barat, Dinas Perdagangan dan Industri =990 ##$$a 27882788 =990 ##$$a 27892789 =990 ##$$a 451/51/2022 =990 ##$$a 7202202788 =990 ##$$a 451/51/2022 =990 ##$$a 451/51/2022